[Event "Maharashtra op 3rd"]
[Site "Hadapsar"]
[Date "2025.04.24"]
[Round "6"]
[White "Arpita, Mukherjee"]
[Black "John Veny, Akkarakarn"]
[Result "1/2-1/2"]
[WhiteElo "2164"]
[BlackElo "2350"]
[PlyCount "69"]
[EventDate "2025.04.20"]
[EventType "swiss"]
[EventRounds "10"]
[EventCountry "IND"]
[SourceTitle "CB18_2025"]
[SourceDate "2025.04.30"]
[SourceVersion "1"]
[SourceVersionDate "2025.04.30"]
[SourceQuality "1"]

1. e4 e5 2. Nf3 Nc6 3. Bb5 a6 4. Ba4 Nf6 5. d3 b5 6. Bb3 Bc5 7. a4 Rb8 8. 0-0 d6 9. h3 0-0 10. axb5 axb5 11. Nc3 Be6 12. Nd5 Bxd5 13. exd5 Nd4 14. Nxd4 Bxd4 15. c3 Bb6 16. Qf3 Nd7 17. Bc2 b4 18. d4 bxc3 19. bxc3 exd4 20. cxd4 Qf6 21. Qd3 Qg6 22. Qd1 Qf6 23. Be3 Rfd8 24. Qg4 h6 25. h4 Nf8 26. h5 Ra8 27. Ba4 Nh7 28. Bc6 Rxa1 29. Rxa1 Ng5 30. Ra2 Rb8 31. Ra4 Rf8 32. Bb5 Rb8 33. Bc6 Rf8 34. Bb5 Rb8 35. Bc6 1/2-1/2

[Event "Maharashtra op 3rd"]
[Site "Hadapsar"]
[Date "2025.04.20"]
[Round "1"]
[White "Daaevik, Wadhawan"]
[Black "Arpita, Mukherjee"]
[Result "1/2-1/2"]
[WhiteElo "2311"]
[BlackElo "2164"]
[PlyCount "145"]
[EventDate "2025.04.20"]
[EventType "swiss"]
[EventRounds "10"]
[EventCountry "IND"]
[SourceTitle "CB18_2025"]
[SourceDate "2025.04.30"]
[SourceVersion "1"]
[SourceVersionDate "2025.04.30"]
[SourceQuality "1"]

1. d4 Nf6 2. c4 g6 3. Nc3 Bg7 4. e4 d6 5. Nf3 0-0 6. Be2 Nbd7 7. 0-0 e5 8. Kh1 c6 9. Rb1 Qe7 10. d5 c5 11. Rg1 Nh5 12. g3 Kh8 13. Ne1 Nhf6 14. g4 Ng8 15. Nf3 Ndf6 16. Nd2 Ne8 17. Nf3 f5 18. gxf5 gxf5 19. Ng5 f4 20. Bg4 Qxg5 21. Bxc8 Qe7 22. Bf5 Qh4 23. Qf3 Nh6 24. Be6 Nc7 25. Bh3 Bf6 26. Bd2 Nf7 27. Bf5 Rg8 28. Rxg8+ Rxg8 29. Rg1 Ng5 30. Qe2 Ne8 31. f3 Ng7 32. Be1 Qh6 33. Bg4 Bd8 34. h4 Nf7 35. Qh2 Nh5 36. Ne2 Nf6 37. Be6 Rxg1+ 38. Qxg1 Qg7 39. Qxg7+ Kxg7 40. Nc3 Ne8 41. Bc8 b6 42. Nb5 a5 43. Kg2 Nc7 44. Na7 Kf8 45. Bf5 h6 46. Nc8 Ne8 47. Bg6 Bc7 48. Bf5 Nf6 49. a3 Nd8 50. Bg6 Nf7 51. Kh3 h5 52. Bd2 Nh8 53. Bf5 Nf7 54. b4 axb4 55. axb4 Nd8 56. Kg2 Nb7 57. Kf2 Ke8 58. Ke2 Kd8 59. Na7 cxb4 60. Bxb4 Nc5 61. Nb5 Bb8 62. Kd2 Ne8 63. Kc2 Ng7 64. Bh3 Ke7 65. Bxc5 dxc5 66. Kb3 Ne8 67. Ka4 Nd6 68. Be6 Nxc4 69. Bh3 Nb2+ 70. Kb3 Nd3 71. Bg2 Ne1 72. Bh1 Nd3 73. Bg2 1/2-1/2

[Event "IND-ch (Women) 50th"]
[Site "Karaikudi"]
[Date "2024.10.03"]
[Round "1"]
[White "Natura, Bethi"]
[Black "Arpita, Mukherjee"]
[Result "1-0"]
[WhiteElo "1709"]
[BlackElo "2228"]
[PlyCount "83"]
[EventDate "2024.10.03"]
[EventType "swiss"]
[EventRounds "11"]
[EventCountry "IND"]
[SourceTitle "CB47_2024"]
[SourceDate "2024.11.20"]
[SourceVersion "1"]
[SourceVersionDate "2024.11.20"]
[SourceQuality "1"]

1. d4 Nf6 2. c4 g6 3. h4 c5 4. d5 d6 5. Nc3 Bg7 6. e4 Bg4 7. f3 Bc8 8. Be3 e6 9. Qd2 exd5 10. cxd5 a6 11. a4 0-0 12. g4 h5 13. gxh5 Nxh5 14. Nge2 Nd7 15. Bg5 Qe8 16. Rg1 Ne5 17. Bg2 c4 18. Nc1 f5 19. Ra3 fxe4 20. Nxe4 Bf5 21. Re3 Qxa4 22. Nxd6 Nd3+ 23. Nxd3 Bxd3 24. Re7 Qa1+ 25. Kf2 Qxb2 26. Qxb2 Bxb2 27. Bh3 Nf4 28. Be6+ Nxe6 29. dxe6 b5 30. h5 Bd4+ 31. Be3 Bf6 32. Rf7 Rxf7 33. exf7+ Kg7 34. h6+ Kh7 35. Ne8 Be7 36. Bd4 c3 37. Bg7 g5 38. Rxg5 Bg6 39. f8Q Rxe8 40. Qf4 Bxg5 41. Qxg5 c2 42. Bb2 1-0

[Event "Lignano Bella Italia op 3rd"]
[Site "Lignano Sabbiadoro"]
[Date "2024.08.23"]
[Round "9"]
[White "Botta, Massimiliano"]
[Black "Arpita, Mukherjee"]
[Result "1/2-1/2"]
[WhiteElo "2190"]
[BlackElo "2210"]
[PlyCount "80"]
[EventDate "2024.08.17"]
[EventType "swiss"]
[EventRounds "9"]
[EventCountry "ITA"]
[SourceTitle "CBM 221 Extra"]
[Source "ChessBase"]
[SourceDate "2024.09.30"]
[SourceVersion "1"]
[SourceVersionDate "2024.09.30"]
[SourceQuality "1"]

1. c4 Nf6 2. Nc3 g6 3. g3 Bg7 4. Bg2 d6 5. d3 0-0 6. Rb1 a5 7. a3 c6 8. e4 Bg4 9. Nge2 e5 10. h3 Be6 11. 0-0 d5 12. cxd5 cxd5 13. exd5 Nxd5 14. Ne4 Bd7 15. d4 exd4 16. Nxd4 Qb6 17. Nc2 Bc6 18. Ne3 Nxe3 19. Bxe3 Qc7 20. Qb3 Nd7 21. Rbc1 a4 22. Qa2 Qe5 23. Nc3 Bxg2 24. Kxg2 Rfc8 25. Rfd1 Nc5 26. Bd4 Qe8 27. Bxg7 Kxg7 28. Qd5 Nb3 29. Rc2 Qc6 30. Re2 Nc5 31. Re7 Qxd5+ 32. Rxd5 Rc6 33. Rd4 Kf8 34. Re5 b6 35. h4 h5 36. Kf3 Nb3 37. Rdd5 Na5 38. Re2 Nc4 39. Ne4 Re8 40. Rb5 Kg7 1/2-1/2

[Event "Lignano Bella Italia op 3rd"]
[Site "Lignano Sabbiadoro"]
[Date "2024.08.19"]
[Round "4"]
[White "Arpita, Mukherjee"]
[Black "Martinovici, Ilie"]
[Result "1/2-1/2"]
[WhiteElo "2210"]
[BlackElo "2439"]
[PlyCount "89"]
[EventDate "2024.08.17"]
[EventType "swiss"]
[EventRounds "9"]
[EventCountry "ITA"]
[SourceTitle "CBM 221 Extra"]
[Source "ChessBase"]
[SourceDate "2024.09.30"]
[SourceVersion "1"]
[SourceVersionDate "2024.09.30"]
[SourceQuality "1"]

1. e4 c6 2. d4 d5 3. e5 Bf5 4. Nf3 e6 5. Be2 Nd7 6. 0-0 h6 7. Nbd2 Ne7 8. Nb3 Qc7 9. Ne1 c5 10. c3 Nc6 11. Be3 Be7 12. f4 cxd4 13. Nxd4 Nxd4 14. Bxd4 a6 15. Bd3 g6 16. Rc1 Nc5 17. Bc2 h5 18. Qe2 b5 19. b4 Bxc2 20. Nxc2 Na4 21. Ne3 Rc8 22. Qd2 Qb7 23. g3 Rc7 24. h3 Kd7 25. f5 gxf5 26. Nxf5 exf5 27. e6+ fxe6 28. Bxh8 Qc8 29. Be5 Rc4 30. Rxf5 Qg8 31. Rf3 Nb6 32. Re1 Qg6 33. Qf2 Nc8 34. Rf4 Rxf4 35. Bxf4 Bd8 36. Kh2 Bb6 37. Qe2 Nd6 38. Bxd6 Kxd6 39. h4 Bc7 40. Qf3 Kc6 41. Re2 Bd6 42. Rd2 Qh6 43. Re2 Qg6 44. Rd2 Qh6 45. Re2 1/2-1/2

[Event "Kavala op-A 33rd"]
[Site "Kavala"]
[Date "2024.07.30"]
[Round "2"]
[White "Arpita, Mukherjee"]
[Black "Dotzer, Lukas"]
[Result "0-1"]
[WhiteElo "2184"]
[BlackElo "2375"]
[PlyCount "90"]
[EventDate "2024.07.29"]
[EventType "swiss"]
[EventRounds "9"]
[EventCountry "GRE"]
[SourceTitle "EXT 2025"]
[Source "ChessBase"]
[SourceDate "2024.10.14"]
[SourceVersion "1"]
[SourceVersionDate "2024.10.14"]
[SourceQuality "1"]

1. e4 c5 2. Nf3 e6 3. d4 cxd4 4. Nxd4 Nc6 5. Nc3 Qc7 6. Be2 a6 7. 0-0 Nf6 8. Be3 Be7 9. f4 d6 10. Qe1 0-0 11. Rd1 Nxd4 12. Bxd4 b5 13. a3 Bb7 14. Qg3 Rac8 15. Bf3 Bc6 16. Kh1 Qb7 17. Rfe1 Rfd8 18. Nd5 Ne8 19. Nxe7+ Qxe7 20. Bc3 Bb7 21. Rd2 Rc4 22. Ba5 Rdc8 23. c3 f6 24. Qh3 Kh8 25. Rde2 e5 26. Bg4 Rb8 27. Bf5 h6 28. b3 Rc6 29. Qh5 Bc8 30. Qg6 Bxf5 31. exf5 Rbc8 32. Qg3 Qf7 33. Rb1 Nc7 34. fxe5 dxe5 35. Rd2 Nd5 36. Rbd1 Ne7 37. Rd7 Qxb3 38. Bb4 R6c7 39. Rxc7 Rxc7 40. Rd8+ Kh7 41. Qd3 Nc6 42. Bd6 e4 43. Qf1 Nxd8 44. Bxc7 Nf7 45. Qc1 Qd5 0-1

[Event "Titled Tuesday intern op 05th Mar Early"]
[Site "Chess.com INT"]
[Date "2024.03.05"]
[Round "1"]
[White "Arpita, Mukherjee"]
[Black "Ivanchuk, Vassily"]
[Result "1-0"]
[WhiteElo "2221"]
[BlackElo "2625"]
[PlyCount "71"]
[EventDate "2024.03.05"]
[EventType "swiss (blitz)"]
[EventRounds "11"]
[EventCountry "USA"]
[SourceTitle "EXT 2025"]
[Source "ChessBase"]
[SourceDate "2024.10.14"]
[SourceVersion "1"]
[SourceVersionDate "2024.10.14"]
[SourceQuality "1"]

1. e4 c5 2. Nf3 Nc6 3. Bb5 e6 4. Bxc6 bxc6 5. 0-0 Ne7 6. d4 cxd4 7. Nxd4 Ng6 8. c4 Be7 9. Nc3 0-0 10. Be3 c5 11. Nc2 Bb7 12. f4 f5 13. e5 d6 14. exd6 Bxd6 15. Nb5 Be7 16. Qxd8 Raxd8 17. Rad1 a6 18. Nc7 Kf7 19. b4 Rc8 20. Rd7 Bc6 21. Rxe7+ Nxe7 22. Nxa6 Be4 23. Na3 cxb4 24. Nb5 Ra8 25. Nxb4 Nc6 26. Nd6+ Kg8 27. Bc5 Rfb8 28. a3 Ra5 29. Nxe4 Nd8 30. Bd6 Rc8 31. Nd2 Rxa3 32. c5 Nc6 33. Nxc6 Rxc6 34. Nc4 Ra4 35. Ne5 Rc8 36. Rb1 1-0

[Event "Titled Tuesday intern op 27th Feb Early"]
[Site "Chess.com INT"]
[Date "2024.02.27"]
[Round "1"]
[White "Arpita, Mukherjee"]
[Black "Gholami Orimi, Mahdi"]
[Result "0-1"]
[WhiteElo "2221"]
[BlackElo "2470"]
[PlyCount "60"]
[EventDate "2024.02.27"]
[EventType "swiss (blitz)"]
[EventRounds "11"]
[EventCountry "USA"]
[SourceTitle "EXT 2025"]
[Source "ChessBase"]
[SourceDate "2024.10.14"]
[SourceVersion "1"]
[SourceVersionDate "2024.10.14"]
[SourceQuality "1"]

1. e4 c6 2. d4 d5 3. e5 c5 4. dxc5 Nc6 5. Nf3 e6 6. Be3 Nge7 7. Bb5 Nf5 8. Bd4 Be7 9. c3 0-0 10. 0-0 Bd7 11. a4 a6 12. Bd3 Nfxd4 13. cxd4 f6 14. exf6 Bxf6 15. Nc3 Qe8 16. Ne2 e5 17. dxe5 Nxe5 18. Nxe5 Bxe5 19. Qc2 Qh5 20. f4 Bf6 21. Ng3 Qh4 22. Kh1 Rae8 23. Bf5 Bc6 24. Rad1 g6 25. Bd3 Re3 26. Qf2 d4 27. b4 Be5 28. Qa2+ Kg7 29. fxe5 Rxg3 30. Rd2 Rxd3 0-1

[Event "Titled Tuesday intern op 30th Jan Early"]
[Site "Chess.com INT"]
[Date "2024.01.30"]
[Round "3"]
[White "Arpita, Mukherjee"]
[Black "Skotheim, Andreas"]
[Result "1-0"]
[WhiteElo "2186"]
[BlackElo "2211"]
[PlyCount "75"]
[EventDate "2024.01.30"]
[EventType "swiss (blitz)"]
[EventRounds "11"]
[EventCountry "USA"]
[SourceTitle "EXT 2025"]
[Source "ChessBase"]
[SourceDate "2024.10.14"]
[SourceVersion "1"]
[SourceVersionDate "2024.10.14"]
[SourceQuality "1"]

1. e4 d6 2. d4 Nf6 3. Nc3 e5 4. Nf3 Nbd7 5. g4 exd4 6. Nxd4 Ne5 7. g5 Ng8 8. f4 Bg4 9. Be2 Bxe2 10. Qxe2 Nc6 11. Qb5 Nge7 12. Be3 Qd7 13. Nxc6 Qxc6 14. Qa5 b6 15. Qa6 h6 16. gxh6 Rxh6 17. 0-0-0 Rh3 18. Bd4 g6 19. Nd5 Nxd5 20. exd5 Qxd5 21. Rhe1+ Kd7 22. Qe2 Qf3 23. Qc4 Qxf4+ 24. Kb1 Bg7 25. Rf1 Rf3 26. Rxf3 Qxf3 27. Rf1 Qxf1+ 28. Qxf1 Bxd4 29. Qxf7+ Kc8 30. Qe8+ Kb7 31. Qe4+ c6 32. Qxd4 Re8 33. Qg7+ Ka6 34. a3 Re1+ 35. Ka2 Re2 36. Qxg6 Rxh2 37. Qxd6 c5 38. Qxh2 1-0

[Event "Sitges Sunway op 10th"]
[Site "Sitges"]
[Date "2023.12.21"]
[Round "9"]
[White "Arpita, Mukherjee"]
[Black "Rakesh, Kumar Jena"]
[Result "1-0"]
[WhiteElo "2160"]
[BlackElo "2335"]
[PlyCount "107"]
[EventDate "2023.12.12"]
[EventType "swiss"]
[EventRounds "10"]
[EventCountry "ESP"]
[SourceTitle "EXT 2025"]
[Source "ChessBase"]
[SourceDate "2024.10.14"]
[SourceVersion "1"]
[SourceVersionDate "2024.10.14"]
[SourceQuality "1"]

1. e4 c6 2. d4 g6 3. Nc3 Bg7 4. Be3 d5 5. Qd2 dxe4 6. Nxe4 Nf6 7. Nxf6+ exf6 8. 0-0-0 0-0 9. Kb1 Na6 10. h4 Bf5 11. h5 Re8 12. hxg6 Bxg6 13. Ne2 Nc7 14. Nf4 b5 15. Bd3 Nd5 16. g4 Re7 17. Bf5 Nxf4 18. Bxf4 Qd5 19. Qd3 Rae8 20. Qh3 Bh8 21. Qh2 Rb7 22. Bd6 Bg7 23. Qxh7+ Bxh7 24. Bxh7+ Kh8 25. Be4+ Kg8 26. Bxd5 cxd5 27. c3 a5 28. Rde1 Re6 29. Bc5 Bf8 30. Bxf8 Kxf8 31. Rh8+ Kg7 32. Reh1 Re4 33. f3 Rf4 34. Rd8 f5 35. g5 f6 36. Rdh8 Rf7 37. R8h7+ Kf8 38. Rh8+ Kg7 39. R8h7+ Kf8 40. Rh8+ Kg7 41. R1h7+ Kg6 42. Rh6+ Kxg5 43. Rh3 Rg7 44. Rg3+ Rg4 45. fxg4 fxg4 46. Rg1 f5 47. Kc2 f4 48. Kd3 g3 49. Rf8 Rh7 50. Rf1 Rh3 51. Ke2 Rh2+ 52. Kf3 Rxb2 53. Rxf4 Rf2+ 54. Kxg3 1-0

[Event "Lignano Bella Italia op 2nd"]
[Site "Lignano Sabbiadoro"]
[Date "2023.08.22"]
[Round "8"]
[White "Casadio, Niccolo"]
[Black "Arpita, Mukherjee"]
[Result "0-1"]
[WhiteElo "2170"]
[BlackElo "2111"]
[PlyCount "91"]
[EventDate "2023.08.17"]
[EventType "swiss"]
[EventRounds "9"]
[EventCountry "ITA"]
[SourceTitle "CBM 216 Extra"]
[Source "ChessBase"]
[SourceDate "2023.11.30"]
[SourceVersion "1"]
[SourceVersionDate "2023.11.30"]
[SourceQuality "1"]

1. e4 c5 2. Nf3 d6 3. d4 cxd4 4. Nxd4 Nf6 5. Nc3 a6 6. Be3 e5 7. Nb3 Be7 8. f3 Be6 9. Qd2 h5 10. Nd5 Nxd5 11. exd5 Bf5 12. Be2 a5 13. a4 0-0 14. 0-0 Nd7 15. f4 exf4 16. Bxf4 Nf6 17. Be3 Bg6 18. Bb5 Ne4 19. Qe2 Bf6 20. c3 Be5 21. Nd2 Nf6 22. Nf3 Nd7 23. Nxe5 dxe5 24. c4 f5 25. Rad1 f4 26. Bxf4 exf4 27. Qe6+ Kh7 28. Qxd7 Qb6+ 29. Rf2 Rae8 30. Qh3 Re3 31. Qh4 Re4 32. d6 f3 33. Qg5 Rf5 34. c5 Rxc5 35. Qd2 Rg4 36. Qe3 Re4 37. Qd2 Rg4 38. d7 Rd5 39. Qxd5 Rxg2+ 40. Kh1 Qxf2 41. Qd6 Rg4 42. Qd2 Qxd2 43. Rxd2 f2 44. h4 Be4+ 45. Kh2 Rg2+ 46. Kh3 0-1

[Event "Leca da Palmeira op 2nd"]
[Site "Leca da Palmeira"]
[Date "2023.08.05"]
[Round "8"]
[White "Arpita, Mukherjee"]
[Black "Pinto, Jose Joao Meireles"]
[Result "1-0"]
[WhiteElo "2079"]
[BlackElo "1460"]
[PlyCount "65"]
[EventDate "2023.07.31"]
[EventType "swiss"]
[EventRounds "9"]
[EventCountry "POR"]
[SourceTitle "CBM 215 Extra"]
[Source "ChessBase"]
[SourceDate "2023.09.30"]
[SourceVersion "1"]
[SourceVersionDate "2023.09.30"]
[SourceQuality "1"]

1. d4 d5 2. Bf4 c6 3. e3 Qb6 4. Qc1 Bf5 5. Nf3 Nf6 6. h3 h6 7. Be2 Nbd7 8. Nbd2 e6 9. c4 Be7 10. 0-0 0-0 11. c5 Qd8 12. b4 Qc8 13. b5 Ne4 14. a4 Bf6 15. a5 Re8 16. a6 e5 17. axb7 Qxb7 18. dxe5 Nxe5 19. Bxe5 Bxe5 20. Nxe5 Rxe5 21. Nf3 Re7 22. Nd4 Bd7 23. Qa3 Qc8 24. Bg4 Bxg4 25. Nxc6 Rb7 26. hxg4 Qf8 27. b6 Qxc5 28. Qxc5 Nxc5 29. Rxa7 Re8 30. Rc1 Nb3 31. Rxb7 Nxc1 32. Re7 Ra8 33. b7 1-0

[Event "Leca da Palmeira op 2nd"]
[Site "Leca da Palmeira"]
[Date "2023.08.03"]
[Round "6"]
[White "Arpita, Mukherjee"]
[Black "Santos, Luis Marinho"]
[Result "1-0"]
[WhiteElo "2079"]
[BlackElo "1310"]
[PlyCount "63"]
[EventDate "2023.07.31"]
[EventType "swiss"]
[EventRounds "9"]
[EventCountry "POR"]
[SourceTitle "CBM 215 Extra"]
[Source "ChessBase"]
[SourceDate "2023.09.30"]
[SourceVersion "1"]
[SourceVersionDate "2023.09.30"]
[SourceQuality "1"]

1. e4 c5 2. Nf3 g6 3. c3 Bg7 4. d4 cxd4 5. cxd4 d5 6. e5 e6 7. Nc3 Nc6 8. Nb5 Bf8 9. Be2 a6 10. Nc3 Bg7 11. 0-0 Nge7 12. Bg5 0-0 13. Qd2 Qd7 14. Qf4 b5 15. Bf6 Kh8 16. Qh6 Nf5 17. Bxg7+ Kg8 18. Bxf8 Nxh6 19. Bxh6 Ne7 20. Bd3 b4 21. Nd1 a5 22. Ne3 Kh8 23. Rac1 Qa7 24. Rc5 Bd7 25. Rfc1 Rc8 26. Ng5 Kg8 27. Ng4 Kh8 28. Nf6 Be8 29. Rxc8 Nxc8 30. Rxc8 Qe7 31. Rxe8+ Qxe8 32. Nxe8 1-0